Loading...
Current Events | 5 | 12.00 | 80% | 40% | 0% |
Fine Arts - Classical Music | 6 | 18.33 | 100% | 67% | 17% |
Fine Arts - Other Fine Arts | 6 | 18.33 | 100% | 67% | 17% |
Geography | 3 | 23.33 | 100% | 100% | 33% |
History - American History | 6 | 28.33 | 100% | 100% | 83% |
History - European History | 5 | 24.00 | 100% | 60% | 80% |
History - Other History | 7 | 24.29 | 100% | 86% | 57% |
History - World History | 8 | 28.75 | 100% | 100% | 88% |
Literature - American Literature | 6 | 16.67 | 100% | 67% | 0% |
Literature - British Literature | 6 | 15.00 | 100% | 50% | 0% |
Literature - European Literature | 5 | 16.00 | 100% | 60% | 0% |
Literature - World Literature | 9 | 18.89 | 100% | 67% | 22% |
Mythology | 4 | 22.50 | 100% | 100% | 25% |
Painting/Sculpture | 10 | 20.00 | 100% | 70% | 30% |
Philosophy | 4 | 22.50 | 100% | 75% | 50% |
Religion | 5 | 20.00 | 100% | 80% | 20% |
Science - Biology | 7 | 15.71 | 100% | 43% | 14% |
Science - Chemistry | 5 | 18.00 | 100% | 80% | 0% |
Science - Other Science | 7 | 21.43 | 100% | 86% | 29% |
Science - Physics | 3 | 20.00 | 100% | 33% | 67% |
Social Science | 7 | 15.71 | 71% | 57% | 29% |